| 000 | 00822nam a2200253Ia 4500 | ||
|---|---|---|---|
| 003 | OSt | ||
| 005 | 20221005062259.0 | ||
| 006 | a|||||r|||| 00| 0 | ||
| 007 | ta | ||
| 008 | 221004b |||||||| |||| 00| 0 eng d | ||
| 020 |
_a9780415671637 (pbk) _c3064.07 |
||
| 024 | _a23712 | ||
| 037 |
_b112, 04/12/2015, Excel Book International _cTextual |
||
| 040 |
_aCRL _cCRL _beng |
||
| 041 |
_2eng _aeng |
||
| 082 | _aY:45:691, Q5 | ||
| 100 |
_aRumney Philip N. S. _9601626 |
||
| 245 | 0 |
_aTorturnig terrorists _b Exploring the limits of law, human rights and academic freedom |
|
| 260 |
_aLondon _bRoutledge UK _c2015 |
||
| 300 |
_aix, 213p. _ccm. |
||
| 650 | _aSOCIOLOGY | ||
| 942 |
_hY:45:691, Q5 _cTEXL _2cc |
||
| 999 |
_c969437 _d969437 |
||